| 000 | 00575 a2200181 4500 | ||
|---|---|---|---|
| 999 |
_c183020 _d183020 |
||
| 005 | 20211215110743.0 | ||
| 010 | _aENG-130312 | ||
| 020 |
_c750.00 _a978-81-949205-6-4 |
||
| 035 | _aEN-113844 | ||
| 037 | _bDBAD / PUB | ||
| 082 | _a381 | ||
| 245 |
_aDigital Business and E-Commerce Management: _cEdited by B. Menaka |
||
| 250 | _a2021 | ||
| 260 |
_bKrishna Publication House _c2021 _aGujarat |
||
| 270 |
_aNo. 303, Yashkunj, Apartment, Devbaug, Anantwadi, Bhavnagar _bGujarat _e364002 |
||
| 300 |
_a198p. _c21cm (pbk) |
||
| 942 |
_adpl _cEN _2ddc _h381 _mDIG |
||